| Tag |
First Indicator |
Second Indicator |
Subfields |
| LEADER |
00000pam a22000004a 4500 |
| 001 |
in00002013993 |
| 005 |
20151031152048.0 |
| 008 |
040203s2005 njua bf 001 0 eng |
| 010 |
|
|
|a 2004002261
|
| 020 |
|
|
|a 0471485241 (cloth : alk. paper)
|
| 035 |
|
|
|a (OCoLC)ocm54365528
|
| 040 |
|
|
|a DLC
|c DLC
|d TXA
|d UtOrBLW
|
| 042 |
|
|
|a pcc
|
| 043 |
|
|
|a n-us---
|
| 049 |
|
|
|a TXAM
|
| 050 |
0 |
0 |
|a HF5415.153
|b .P35 2005
|
| 082 |
0 |
0 |
|a 658.5/75
|2 22
|
| 245 |
0 |
4 |
|a The PDMA handbook of new product development /
|c edited by Kenneth B. Kahn ; associate editors, George Castellion, Abbie Griffin.
|
| 246 |
3 |
0 |
|a Handbook of new product development
|
| 250 |
|
|
|a 2nd ed.
|
| 264 |
|
1 |
|a Hoboken, N.J. :
|b Wiley,
|c [2005]
|
| 264 |
|
4 |
|c ©2005
|
| 300 |
|
|
|a xiii, 625 pages :
|b illustrations ;
|c 25 cm.
|
| 336 |
|
|
|a text
|b txt
|2 rdacontent
|
| 337 |
|
|
|a unmediated
|b n
|2 rdamedia
|
| 338 |
|
|
|a volume
|b nc
|2 rdacarrier
|
| 504 |
|
|
|a Includes bibliographical references and indexes.
|
| 505 |
0 |
|
|a New products--what separates the winners from the losers and what drives success / Robert G. Cooper -- A new product's development strategy: formulation and implementation / George Castellion -- New-product portfolio planning and management / Marvin L. Patterson -- Implementing product development / Paul O'Connor -- Process ownership / Dr. W.M. Watson -- The fuzzy front end for incremental, platform, and breakthrough products / Peter A. Koen -- Service development / Thomas D. Kuczmarski and Zachary T. Johnston -- Innovation in large companies: approaches and organizational architecture / Peter A. Koen -- Managing product development project teams / Hans J. Thamhain -- Influence and politics in product development / Stephen K. Markham and Patricia J. Holahan -- Distributed new product development (DNPD) / Stefan Heck and TJ Grewal -- Accelerated product development / Preston G. Smith -- Market analysis and segmentation for new products / Douglas G. Boike, Ben Bonifant, and Tony Siesfeld -- Obtaining customer needs for product development / Abbie Griffin -- Contextual research for new product development / Chris V. Conley -- Interacting with customers in the new product development process / Ian Alam -- Getting lightning to strike / Christopher W. Miller -- Quantitative market research / Brian D. Ottum -- Extracting value from your patent portfolio / Laura A. Schoppe and Nancy Pekar -- Technology management / Greg Evans and Patrice Gausselin -- Gate decisions / Jeffrey B. Schmidt -- Winning product review approval / Bob Lonadier -- Approaches to new product forecasting / Kenneth B. Kahn -- Enhancing new product development success through industrial design strategy / Robert W. Veryzer -- Building a bridge to the end-user / Joseph Juratovac -- Human factors engineering considerations in new product development / Mary Hoffman Pancake -- Design becomes reality-rapid prototyping / Raymond Sander -- Risk tools for technical development / Steven R. Nelson and Fritz Eubanks -- Using an effective metrics program to support business objectives / Amy Chan -- Managing new product and service launch / Sue Nagle -- Managing the supply chain implications of launch / Roger J. Calantone, C. Anthony Di Benedetto, and Theodore P. Stank -- Market testing and postlaunch evaluation for consumer goods / David W. Olson -- Overview and context for life cycle management / Bill Ausura, Bob Gill, Steven Haines -- Product obsolescence and discontinuation / Elizabeth Jackson -- Lessons learned from outstanding corporate innovators / Douglas Boike et al. -- First results from the 2003 comparative performance assessment study (CPAS) / Marjorie Adams-Bigelow.
|
| 650 |
|
0 |
|a New products
|z United States
|x Management
|v Handbooks, manuals, etc.
|
| 650 |
|
0 |
|a Product management
|z United States
|v Handbooks, manuals, etc.
|
| 700 |
1 |
|
|a Kahn, Kenneth B.
|
| 710 |
2 |
|
|a Product Development & Management Association.
|
| 856 |
4 |
2 |
|3 Publisher description
|u http://www.loc.gov/catdir/description/wiley042/2004002261.html
|t 0
|
| 856 |
4 |
1 |
|3 Table of contents
|u http://www.loc.gov/catdir/toc/ecip0414/2004002261.html
|t 0
|
| 994 |
|
|
|a C0
|b TXA
|
| 948 |
|
|
|a cataloged
|b h
|c 2004/12/13
|d c
|e bwalker
|f 8:20:30 am
|
| 999 |
|
|
|a MARS
|
| 999 |
f |
f |
|s c7801d51-5195-364e-9e1f-55122316331b
|i 2310793d-a28e-3331-a78a-0901f04d6cb3
|t 0
|
| 952 |
f |
f |
|p ric
|a Texas A&M University
|b Rellis Campus
|c Joint Library Facility
|d Remote Storage
|t 0
|e HF5415.153 .P35 2005
|h Library of Congress classification
|i unmediated -- volume
|m A14831644567
|
| 998 |
f |
f |
|a HF5415.153 .P35 2005
|t 0
|l Remote Storage
|